Труды Научно-исследовательского института зоологии. Т.2, Вып.1: К истории развития языка рептилий (Запись № 2944531)

Подробности
000 -МАРКЕР
контрольное поле 01224nam2a22002531 4500
001 - ИДЕНТИФИКАТОР ЗАПИСИ
контрольное поле RU\NLR\INFOCOMM44\1000024883
005 - ИДЕНТИФИКАТОР ВЕРСИИ
контрольное поле 20250617070842.0
035 ## - ДРУГИЕ СИСТЕМНЫЕ НОМЕРА
Идентификатор записи (NLR Aleph) 002542150
100 ## - ДАННЫЕ ОБЩЕЙ ОБРАБОТКИ
Данные общей обработки 20040517d1927 |||y0rusy50 ca
101 0# - ЯЗЫК РЕСУРСА
Язык текста, звукозаписи и т.д. русский
102 ## - СТРАНА ПУБЛИКАЦИИ ИЛИ ПРОИЗВОДСТВА
Страна публикации Российская Федерация
105 ## - ПОЛЕ КОДИРОВАННЫХ ДАННЫХ: ТЕКСТОВЫЕ МАТЕРИАЛЫ, МОНОГРАФИЧЕСКИЕ
Кодированные данные о монографическом текстовом документе y |||||||||
200 1# - ЗАГЛАВИЕ И СВЕДЕНИЯ ОБ ОТВЕТСТВЕННОСТИ
Основное заглавие К истории развития языка рептилий
Первые сведения об ответственности С.А. Северцев
210 ## - ПУБЛИКАЦИЯ, РАСПРОСТРАНЕНИЕ И ДР.
Дата издания, распространения и т.д. 1927
Место издания, распространения и т.д. Б. м.
461 #0 - УРОВЕНЬ НАБОРА
Встроенное поле 001RU\NLR\INFOCOMM44\1000024881
-- 2001#$aТруды Научно-исследовательского института зоологии$fАссоц. науч.-исслед. ин-тов при физ.-мат. ф-те I Моск. гос. ун-та$vТ.2, Вып.1
Системный номер (АБИС) связанной записи 2944521
Автор НИИ зоологии (Москва)
Место публикации М.
Дата публикации 1925-1931
Первые сведения об ответственности Ассоц. науч.-исслед. ин-тов при физ.-мат. ф-те I Моск. гос. ун-та
Заглавие Труды Научно-исследовательского института зоологии
Номер тома Т.2, Вып.1
700 #1 - ИМЯ ЛИЦА - ПЕРВИЧНАЯ ОТВЕТСТВЕННОСТЬ
Начальный элемент ввода Северцев
Часть имени, кроме начального элемента ввода С.А.
Код отношения Автор
801 #1 - ИСТОЧНИК ЗАПИСИ
Страна Российская Федерация
Организация InfoComm
Дата составления 20040517
801 #0 - ИСТОЧНИК ЗАПИСИ
Страна Российская Федерация
Организация NLR
Правила каталогизации PSBO
852 ## - МЕСТОНАХОЖДЕНИЕ И ШИФР ХРАНЕНИЯ
Идентификатор организации NLR
Шифр хранения (Call Number) 64/308
942 ## - ДОПОЛНИТЕЛЬНЫЕ ЭЛЕМЕНТЫ ЗАПИСИ (АБИС)
Тип экземпляра АБИС Выпуск
980 ## - КОЛЛЕКЦИЯ
Название коллекции Национальная библиография
980 ## - КОЛЛЕКЦИЯ
Название коллекции Русская периодика

Нет доступных экземпляров.